| 000 | 00744nam a2200229Ia 4500 | ||
|---|---|---|---|
| 008 | 140321s9999 xx 000 0 und d | ||
| 020 | _a9781448868094 | ||
| 050 |
_aBF 637.B85 _b.L36 2013 |
||
| 100 | _aLandau, Jennifer | ||
| 245 |
_aHow to beat psychological bullying / _cJennifer Landau. |
||
| 250 | _a1st ed. | ||
| 260 |
_aNew York : _bRosen Central, _cc2013. |
||
| 300 |
_a49 p. : _bcol. ill. ; _c24 cm. |
||
| 440 | _a(Beating bullying). | ||
| 500 | _aIncludes bibliographical references and index. | ||
| 521 | _aEDUC | ||
| 650 |
_aBullying prevention _xJuvenile literature. |
||
| 650 |
_aBullying _xJuvenile literature. |
||
| 650 |
_aPsychological abuse _xPrevention -- Juvenile literature. |
||
| 942 |
_kFOR _cBK |
||
| 999 |
_c48633 _d48633 |
||